000 00575nam a2200181 a 4500
005 20140412111310.0
008 010426s19uu xx 00 eng d
020 _a0-698-11374-8
050 _aTR(PS E
_bWo83 1987
100 _aKasza, Keiko
245 _aWolf's chicken stew (The) /
_cKeiko Kasza.
260 _aNew York :
_bThe Putnam & Grosset Group,
_c1987.
300 _a1v. (unp.) ; ill.
520 _aA hungry wolf's attempts to fatten a chicken for his stewpot have unexpected results.
650 _aWolves-Fiction
650 _aChicken-Fiction
999 _c103943
_d103943